| 000 | 00438nam a22001337a 4500 | ||
|---|---|---|---|
| 020 | _a9787020106974 | ||
| 082 |
_a895.135 _bHUA |
||
| 100 | _aGu, Hua | ||
| 245 |
_aA small town called Hibiscus (Chinese Edition): _bFurong Town / _cHua Gu and Translator: Gladys Yang |
||
| 260 |
_aBeijing : _bChinese Literature, _c2016. |
||
| 300 |
_a207 p. ; _c22 cm. |
||
| 880 |
_6245-02\r _a一个叫芙蓉的小镇: 芙蓉镇 / |
||
| 942 |
_2ddc _cBK |
||
| 999 |
_c591722 _d591722 |
||